000 01639nam a2200433 i 4500
001 ELB44679
003 FlNmELB
006 m o d |
007 cr cnu||||||||
008 170310s2016 sp ob 000 0 spa d
020 _a9788416819140 (e book)
035 _a(MiAaPQ)EBC4794936
035 _a(Au-PeEL)EBL4794936
035 _a(CaPaEBR)ebr11335566
035 _a(OCoLC)991896983
040 _aFINmELB
_bspa
_erda
_cFINmELB
050 4 _aPN56.5.W64
_bM8438 2016
080 _a305-055.2:82
082 0 _a809.93352042
_223
100 1 _aMoreno Soriano, Ana.
245 1 3 _aEl poder de la palabra :
_blas mujeres en las novelas de Fanny Rubio /
_cAna Moreno Soriano.
264 1 _aJaén :
_bUniversidad de Jaén,
_c2016.
300 _a1 recurso en línea (270, 16 páginas)
336 _atexto
_btxt
_2rdacontent/spa
337 _acomputadora
_bc
_2rdamedia/spa
338 _arecurso en línea
_bcr
_2rdacarrier/spa
490 1 _aCarmen de Michelena ;
_v7
504 _aContiene bibliografía.
588 _aDescripción basada en recurso en línea; Título de la página del título en PDF (e-libro, visto March 10, 2017).
590 _aRecurso electronico. Santa Fe, Arg. : e-libro, 2016. Disponible via World Wide Web. El acceso puede ser limitado para las bibliotecas afiliadas a e-libro.
600 1 0 _aRubio, Fanny,
_d1949-
_xCriticism and interpretation.
650 0 _aWomen in literature.
650 4 _aMujer.
650 4 _aLiteratura.
655 4 _aLibros electrónicos.
797 2 _ae-libro, Corp.
830 0 _aCarmen de Michelena ;
_v7.
856 4 0 _uhttps://elibro.net/ereader/usam/44679
999 _c152342
_d152342